000 00916nam a2200229Ia 4500
003 GCL
008 140319s9999 xx 000 0 ara d
040 _aGCL /
_cGCL
082 0 4 _aق
_b962
_bر و
100 1 _aرفعت سيد احمد
245 1 0 _aوكر الجواسيس فى مصر المحروسة بالوثائق : الملفات السرية للمركز الاكاديمى الاسرائيلي بالقاهرة /
_cرفعت سيد احمد
260 _aالقاهرة :
_bمكتبة مدبولى ،
_c1995
300 _a248 ص ؛
_c25 سم
650 0 4 _aالنزاع العربى الاسرائيلى
650 0 4 _aالجواسيس
650 0 4 _aالجاسوسية
650 0 4 _aمصر - تاريخ
650 0 4 _aالجاسوسية - مصر -تاريخ
650 0 4 _aالمخابرات العسكرية - مصر - تاريخ
650 0 4 _aالنشاط السرى - مصر
942 _2ddc
_cBK
999 _c33688
_d33688